| 000 | 00497nam a2200193Ia 4500 | ||
|---|---|---|---|
| 008 | 180207s9999 xx 000 0 und d | ||
| 020 | _a9780861637909 | ||
| 050 | _bT167 1987 | ||
| 100 | _aTanner, Suzy-Jane | ||
| 245 | _aJack and the beanstalk / | ||
| 245 | _cby Suzy-Jane Tanner. | ||
| 260 | _aNottingham, UK : | ||
| 260 | _bAward Publications Limited, | ||
| 260 | _c1987 | ||
| 300 | _aunpaged : | ||
| 300 | _bcolor illustration ; | ||
| 300 | _c24cm. | ||
| 440 | _aRead along with me. | ||
| 999 |
_c355532 _d355532 |
||